| 000 | 00626cam a22002172 4500 | ||
|---|---|---|---|
| 001 | 0000005046 | ||
| 005 | 20151217151951.0 | ||
| 008 | 070605s xx 000 0 eng d | ||
| 020 | _a067399371X : | ||
| 040 |
_aKABU _cKABU |
||
| 050 | 0 |
_aTA157 _b.B87 1995 |
|
| 100 | 1 |
_aBurghardt, M. David. _@0000156108 |
|
| 245 | 1 | 0 | _aIntroduction to the engineering profession. |
| 250 | _a2nd ed. | ||
| 260 |
_aNew York : _bHarper-Collins, _c1995. |
||
| 300 | _axiii, 298 p. | ||
| 650 | 0 |
_aEngineering _xVocational guidance. _@0000156109 |
|
| 908 | _a070605 | ||
| 950 | _@1 | ||
| 999 |
_c6820 _d6820 |
||